| 000 | 01988nam a2200397 a 4500 | ||
|---|---|---|---|
| 003 | BLK | ||
| 005 | 20240102094235.0 | ||
| 008 | 180412b bul|||||r ||||||| ||bul|| | ||
| 010 | _aKNG00008400000 | ||
| 020 | _a954-07-0659-9 | ||
| 040 | _aBLK | ||
| 041 |
_aBUL _cBUL |
||
| 080 |
_aМеждународни политически отношения. Световна политика. Международна политика. Дипломация _b327 _x(497.2:497.1)(091)(093.3) _z327(497.2:497.1)(091)(093.3) |
||
| 080 |
_aНародна Република България (1946 - 1990) _b94(497.2)"1946/1990" _x(093.3) _z94(497.2)"1946/1990"(093.3) |
||
| 080 |
_b929 Николов, Райко Маринов _z929 Николов, Райко Маринов |
||
| 100 | 1 |
_aНиколов, Райко Маринов _9252199 |
|
| 245 | 1 | 0 |
_aДипломация на четири очи _bИз дневника на един бълг. посланик в Югославия (1978-1984) _cРайко Маринов Николов. |
| 257 | _aBGR | ||
| 260 |
_aСофия _bУнив. изд. Св. Климент Охридски _c1995 |
||
| 300 |
_a338 с. _c20 см |
||
| 380 | _a3 | ||
| 600 | 1 | 4 |
_aНиколов, Райко Маринов _9364038 |
| 650 | 4 |
_aДипломати, български - спомени _9252200 |
|
| 650 | 4 |
_aБългаро-югославски политически отношения - спомени _9252201 |
|
| 650 | 4 |
_aЮгославско-български политически отношения - спомени _9252202 |
|
| 650 | 4 |
_aДипломация - България - спомени _9252203 |
|
| 653 | _aдипломати | ||
| 653 | _aБългария | ||
| 653 | _aЮгославия | ||
| 852 |
_aЦб 183676 _bЦб |
||
| 856 | 4 |
_qpdf _u |
|
| 856 | 4 |
_qpdf _u |
|
| 942 |
_cKNG _n0 |
||
| 944 |
_aED _c2023 _k30550 _lКети Илиева |
||
| 999 |
_c7128 _d7128 |
||